Registr Microsoft Windows

Guardado en:
Detalles Bibliográficos
Autor principal: Honeycutt, Jerry (Autor)
Formato: Libro
Lenguaje:checo
Publicado: Praha : Computer Press, 2006
Etiquetas: Agregar Etiqueta
Sin Etiquetas, Sea el primero en etiquetar este registro!

MARC

LEADER 00000nam a22000003a 4500
001 stu177038
005 20150617230043.0
008 081209s2006----xr------------------cze-d
020 |a 80-251-1265-9 
040 |a STU  |b slo 
041 0 |a cze 
044 |a xr 
080 |a 004.42 
100 1 |a Honeycutt, Jerry  |4 aut 
245 1 |a Registr Microsoft Windows 
260 |a Praha :  |b Computer Press,  |c 2006 
300 |a 546 s 
996 |b 284EK87781  |c E*87781  |l EE11  |s P  |a 0  |w stu177038_0001